000 00256nam a22000977a 4500
082 _a005.1 IDE'D
245 _aINDEAS EDUCATION:EDUCATION SOFTWARE REFERNCE CATALOG
260 _aUSA
_bDIGITAL EQUIPMENT CORPORATION
_c1984
300 _aXIV, 377P
942 _cBK
999 _c579366
_d579366